Normal view
MARC view
- Daugherty, Alice L.
Entry Personal Name
001 - CONTROL NUMBER
- control field: 61624
003 - CONTROL NUMBER IDENTIFIER
- control field: OSt
005 - DATE AND TIME OF LATEST TRANSACTION
- control field: 20240924164559.0
008 - FIXED-LENGTH DATA ELEMENTS
- fixed length control field: 240924|| aca||aabn | a|a d
040 ## - CATALOGING SOURCE
- Original cataloging agency: OSt
- Transcribing agency: OSt
100 ## - HEADING--PERSONAL NAME
- Personal name: Daugherty, Alice L.
- Relator term: author.
670 ## - SOURCE DATA FOUND
- Source citation: Work cat.: (OSt): Daugherty, Alice L. author., Access and importance of pell awards at public regional historically black colleges and universities :, Fall 2022.
